| 000 | 00686nam a2200241 4500 | ||
|---|---|---|---|
| 003 | OSt | ||
| 005 | 20260530113916.0 | ||
| 008 | 260508b1996 |||a|||| |||| 001 0 eng d | ||
| 020 | _a1564962997 | ||
| 040 |
_aICI _bspa _cICI _erda |
||
| 041 | _aeng | ||
| 050 |
_aNK2195.P34 _b.S56 |
||
| 100 |
_aMendoza, Ernesto _eautor _934102 |
||
| 245 | _aShopping Bag Design 2 | ||
| 264 |
_aEstados Unidos de América _bRockport Publishers, inc. _c1996 |
||
| 300 | _a159 páginas | ||
| 336 |
_2rdacontent _atexto |
||
| 337 |
_2rdamedia _asin medio |
||
| 338 |
_2rdacarrier _avolumen |
||
| 650 |
_aBolsas comerciales _xDiseño _934103 |
||
| 650 |
_aComunicación visual _934104 |
||
| 942 |
_2lcc _n1 _cBK |
||
| 999 |
_c12295 _d12295 |
||